| 000 | 01637nam a2200337 c 4500 | ||
|---|---|---|---|
| 003 | BLK | ||
| 005 | 20180422103240.0 | ||
| 008 | 180408b bul|||||r ||||||| ||bul|| | ||
| 010 | _aKNG00076210000 | ||
| 020 |
_a954-9653-05-6 _bиздат.: Страшен вълк |
||
| 040 | _aBLK | ||
| 041 |
_aBUL _cBUL |
||
| 080 |
_aБългарска литература _b821.163.2 _x-992 _z821.163.2-992 |
||
| 080 |
_aСоциография. Социално положение. Условия на политическия и социалния живот. Социално и социално-икономическо положение на отделните страни, народи, раси. Социална география. (Общи въпроси) _b308 _x(931)(0:82-992) _z308(931)(0:82-992) |
||
| 100 | 1 |
_aАтанасов, Александър Стефанов _eпърви автор _9370070 |
|
| 139 |
_aАтанасов, Александър Стефанов _bА 93 |
||
| 245 | 1 | 0 |
_aНова Зеландия - отблизо и далеч _cАлександър Стефанов Атанасов. |
| 257 | _aBGR | ||
| 260 |
_аСофия _bСтрашен вълк _c2006 _fСофия : Илинда 2000 |
||
| 300 |
_a136 с. _bс ил., 32 с. : цв. ил. _c21 см |
||
| 380 | _aX | ||
| 500 | _aОфс. изд. | ||
| 650 | 4 |
_aНова Зеландия - пътеписи _9295605 |
|
| 651 | 4 |
_aНова Зеландия _9292553 |
|
| 653 | _aпътеписи | ||
| 852 | _aЦб 234751 | ||
| 856 | 4 |
_qpdf _u |
|
| 856 | 4 |
_qpdf _u |
|
| 942 |
_cKNG _n0 |
||
| 944 |
_aCR _c03.07.2007 _lф / _kЛюдмила_Стоянова |
||
| 944 |
_aED _c11.01.2012 _lф / _k |
||
| 999 |
_c71838 _d71838 |
||